00262 a2200097 450000100060000004000240000610000190003024000480004924500430009765000240014047358 cAnchieta - Aquarius aWaddel, Martin10aVocê não consegue dormir, ursinho?lpor10aVocê não consegue dormir, ursinho? 4aLiteratura infantil